000
00335nam a22001457a 4500
008
210301b ||||| |||| 00| 0 eng d
020
_a
9780323006842
041
_a
eng
080
_2
6th
_a
615
082
_a
615
100
_a
5
101
_a
FAR
245
_a
Pharmacologic Basis of Nursing Practice
_c
Clark, J. F
942
_2
udc
_c
BK
999
_c
55313
_d
55313